000 00524nam a2200121 a 4500
001 000039959
005 20201002033831.0
008 130731s1987 dr 000 0 spa d
040 _aDO-SdBNP
_bspa
_cBNPHU
245 0 0 _aEstatutos :
_bSociedad Dominicana de Geografía Aociación con categoría académica y sin fines de lucro, in corporada en virtud del decreto del Poder Ejecutivo no. 142- 87 de fecha 20 de marzo de 1987 /.
260 _aSanto Domingo :
_bSociedad Dominicana de Geografía,
_c1987.
300 _a22 p. ;
_c22 cm.
999 _c39449
_d39449